000 02353nam0a2200349 4500
001 RU\NLR\bibl\1653125
005 20260405072517.0
010 _a978-5-93093-265-2
_9100
021 _aRU
_b2010-42083
_92823
035 _a(NLR Aleph) 001644443
090 _a882428
_c882428
100 _a20100708d2010 |||y0rusy50 ca
101 0 _arus
102 _aRU
105 _aa |||||||||
200 1 _aОформление дипломных проектов на компьютере
_eучебное пособие для студентов, обучающихся по специальностям 2913.00 "Механизация и автоматизация строительства", 1709.00 "Подъемно-транспортные, строительные и дорожные машины", 171600 "Механическое оборудование и технологические комплексы предприятий строительных материалов, изделий и конструкций"
_fЕ.М. Кудрявцев
205 _aИзд. 2-е, перераб. и доп.
210 _aМосква
_cИзд-во Ассоциации строительных вузов
_d2010
215 _a212 с.
_cил.
_d22
313 _a1е изд.-2006г.
320 _aБиблиогр.: с. 407 (12 назв.)
606 1 _aТехническая документация
_jУчебные издания для высших учебных заведений
_xОформление на компьютере
_92443001
_3RU\NLR\auth\661453201
606 1 _aКОМПАС-3D V10, система автоматизированного проектирования
_jУчебные издания для высших учебных заведений
_92566864
_3RU\NLR\auth\661518097
606 1 _aДипломные проекты
_jУчебные издания для высших учебных заведений
_xОформление на компьютере
_92460855
_3RU\NLR\auth\661462248
686 _aЖ25-5-05я73-1
686 _aЧ481.254.5-231я73
700 1 _4070
_7ca
_8rus
_aКудрявцев
_bЕ. М.
_cд-р техн. наук
_gЕвгений Михайлович
_98121
_3RU\NLR\auth\7725072
801 0 _aRU
_bNLR
_c20100708
_gRCR
801 1 _aRU
_bNLR
_c20100708
942 _cBOOK
980 _aNB